[Event "W-ch Disabled"]
[Site "Dresden"]
[Date "2013.10.22"]
[Round "1"]
[White "Suder, Ryszard"]
[Black "Michalowski, Richard"]
[Result "0-1"]
[WhiteElo "2147"]
[BlackElo "1795"]
[PlyCount "58"]
[EventDate "2013.10.22"]
[EventType "swiss"]
[EventRounds "7"]
[EventCountry "GER"]
[SourceTitle "CBM 157 Extra"]
[Source "ChessBase"]
[SourceDate "2013.12.19"]
[SourceVersion "1"]
[SourceVersionDate "2013.12.19"]
[SourceQuality "1"]

1. Nf3 d5 2. b3 Nf6 3. Bb2 e6 4. e3 Be7 5. Be2 0-0 6. 0-0 b6 7. Ne5 Bb7 8. f4 Nbd7 9. d3 Rc8 10. Nd2 c5 11. Bf3 Nb8 12. Qe2 Nc6 13. g4 Nd7 14. Nxc6 Bxc6 15. e4 f6 16. exd5 exd5 17. Qe6+ Kh8 18. Bxd5 Bxd5 19. Qxd5 Re8 20. Rae1 Qc7 21. Qf7 Nf8 22. g5 c4 23. Qxc4 Qb7 24. Qa4 b5 25. Rxe7 Qxe7 26. Qxb5 Rxc2 27. gxf6 gxf6 28. Nc4 Qg7+ 29. Qg5 fxg5 0-1

[Event "SVR-ch Seniors 31th"]
[Site "Idar Oberstein"]
[Date "2008.03.16"]
[Round "3"]
[White "Kneip, Jakob1"]
[Black "Michalowski, Richard"]
[Result "1/2-1/2"]
[WhiteElo "1869"]
[BlackElo "1878"]
[PlyCount "120"]
[EventDate "2008.03.14"]
[EventType "tourn"]
[EventRounds "7"]
[EventCountry "GER"]
[SourceTitle "EXT 2009"]
[Source "ChessBase"]
[SourceDate "2008.11.26"]
[SourceVersion "1"]
[SourceVersionDate "2008.11.26"]
[SourceQuality "1"]

1. e4 d5 2. exd5 Qxd5 3. Nc3 Qa5 4. Nf3 Nf6 5. Be2 Bf5 6. a3 c6 7. b4 Qc7 8. Nh4 Bd7 9. d4 e6 10. Bg5 Be7 11. Qd3 h6 12. Bxf6 Bxf6 13. Nf3 0-0 14. Ne4 Be7 15. Ne5 Be8 16. c4 Nd7 17. f4 Rd8 18. 0-0 f6 19. Nxd7 Qxd7 20. Rad1 Bg6 21. Qe3 Bf7 22. g4 b6 23. f5 Qc8 24. c5 exf5 25. gxf5 Qc7 26. Qf4 Qxf4 27. Rxf4 Rfe8 28. Ba6 Bd5 29. Nc3 Bf8 30. Nxd5 cxd5 31. Kf2 Re7 32. Re1 Rde8 33. Rxe7 Rxe7 34. c6 Rc7 35. Bb7 Bd6 36. Rh4 Re7 37. Bc8 Kf8 38. Be6 a5 39. bxa5 bxa5 40. a4 Rc7 41. Bxd5 Re7 42. h3 Bc7 43. Re4 Bb6 44. Ke3 Rxe4+ 45. Kxe4 Ke7 46. Kd3 Kd6 47. Be4 Bc7 48. Kc4 Bd8 49. Kb5 Bc7 50. Ka6 Bd8 51. Kb7 Bc7 52. h4 Bd8 53. h5 Bc7 54. Bd5 Bd8 55. Be6 Bc7 56. d5 Bd8 57. Ka6 Kc5 58. Kb7 Kd6 59. Kc8 Bb6 60. Kb7 Bd8 1/2-1/2

[Event "GER-ch Seniors 18th"]
[Site "Dresden"]
[Date "2006.07.28"]
[Round "7"]
[White "Michalowski, Richard"]
[Black "Borries, Barbara"]
[Result "1/2-1/2"]
[WhiteElo "1877"]
[BlackElo "1945"]
[PlyCount "105"]
[EventDate "2006.07.22"]
[EventType "swiss"]
[EventRounds "9"]
[EventCountry "GER"]
[SourceTitle "CBM 113 Extra"]
[Source "ChessBase"]
[SourceDate "2006.09.14"]
[SourceVersion "1"]
[SourceVersionDate "2006.09.14"]
[SourceQuality "1"]

1. c4 Nf6 2. Nc3 e6 3. d4 d5 4. e3 c5 5. Nf3 Nc6 6. a3 a6 7. b3 cxd4 8. Nxd4 Na5 9. f4 dxc4 10. b4 Nb3 11. Nxb3 Qxd1+ 12. Nxd1 cxb3 13. Bc4 Bd7 14. Bxb3 Rc8 15. Bb2 Be7 16. 0-0 0-0 17. Nc3 Bc6 18. Rfd1 Rfd8 19. Rxd8+ Rxd8 20. Rd1 Ng4 21. Rxd8+ Bxd8 22. Nd1 Bb6 23. Bc1 Kf8 24. h3 Nh6 25. g4 Ke7 26. Bc2 g6 27. Nc3 f5 28. g5 Nf7 29. Ba4 Kd6 30. Bb3 Ba7 31. a4 Nd8 32. Kf2 Bb8 33. b5 axb5 34. axb5 Bh1 35. Ba3+ Kd7 36. Bc5 Bd6 37. Bd4 Bb4 38. Kg1 Bxc3 39. Bxc3 Be4 40. Kf2 Bd3 41. Ba4 Kd6 42. Bb4+ Kd5 43. Be7 Nf7 44. b6 e5 45. Kf3 e4+ 46. Kf2 Ke6 47. Bc5 Bc4 48. Ke1 Kd5 49. Bd4 Nd6 50. Kd2 Bb5 51. Bb3+ Bc4 52. Ba4 Nb5 53. Bb3 1/2-1/2

[Event "GER-ch Seniors 18th"]
[Site "Dresden"]
[Date "2006.07.26"]
[Round "5"]
[White "Michalowski, Richard"]
[Black "Micheel, Peter"]
[Result "1/2-1/2"]
[WhiteElo "1877"]
[BlackElo "1929"]
[PlyCount "38"]
[EventDate "2006.07.22"]
[EventType "swiss"]
[EventRounds "9"]
[EventCountry "GER"]
[SourceTitle "CBM 113 Extra"]
[Source "ChessBase"]
[SourceDate "2006.09.14"]
[SourceVersion "1"]
[SourceVersionDate "2006.09.14"]
[SourceQuality "1"]

1. c4 Nf6 2. d4 e5 3. d5 Bc5 4. e3 d6 5. Nc3 a5 6. Bd3 0-0 7. Nge2 Re8 8. Ng3 Nbd7 9. 0-0 Nf8 10. Bd2 Bd7 11. Rc1 Ng6 12. a3 c6 13. Nce4 Nxe4 14. Bxe4 a4 15. Qc2 cxd5 16. Bxd5 Bc6 17. Ne4 Bxd5 18. cxd5 b6 19. Nc3 Qd7 1/2-1/2

[Event "Seefeld Seniors op 1st"]
[Site "Seefeld"]
[Date "2005.09.21"]
[Round "3.4"]
[White "Michalowski, Richard"]
[Black "Heslenfeld, Peter Hermann"]
[Result "1/2-1/2"]
[WhiteElo "1621"]
[BlackElo "1788"]
[PlyCount "37"]
[EventDate "2005.09.19"]
[EventType "swiss"]
[EventRounds "7"]
[EventCountry "AUT"]
[SourceTitle "EXT 2007"]
[Source "ChessBase"]
[SourceDate "2006.11.23"]
[SourceVersion "1"]
[SourceVersionDate "2006.11.23"]
[SourceQuality "1"]

1. c4 c6 2. Nf3 Nf6 3. d4 d5 4. cxd5 cxd5 5. Nc3 Nc6 6. e3 Bf5 7. a3 e6 8. Be2 Bd6 9. 0-0 Ne4 10. Ne1 Rc8 11. f3 Nf6 12. Bd2 Bb8 13. Bd3 Qd6 14. g3 Bxd3 15. Nxd3 0-0 16. Na2 Rfe8 17. Bc3 a6 18. Nab4 Ba7 19. Nc2 1/2-1/2

[Event "Malente Silent op"]
[Site "Malente"]
[Date "2004.07.26"]
[Round "2"]
[White "Michalowski, Richard"]
[Black "Kaminski, Ludwik"]
[Result "1-0"]
[WhiteElo "1805"]
[BlackElo "1805"]
[PlyCount "95"]
[EventDate "2004.08.04"]
[EventType "swiss"]
[EventRounds "9"]
[EventCountry "GER"]
[SourceTitle "EXT 2006"]
[Source "ChessBase"]
[SourceDate "2005.11.24"]
[SourceVersion "1"]
[SourceVersionDate "2005.11.24"]
[SourceQuality "1"]

1. c4 c5 2. Nc3 Nc6 3. g3 g6 4. Bg2 Bg7 5. e3 e5 6. Nge2 Nf6 7. 0-0 0-0 8. a3 d6 9. Re1 Be6 10. d3 Qd7 11. Rb1 a5 12. Nd5 Bxd5 13. cxd5 Ne7 14. Nc3 Rfc8 15. e4 b5 16. f4 b4 17. Na4 Qb7 18. fxe5 dxe5 19. Be3 Nd7 20. Bh3 f5 21. Rc1 Qb5 22. Qb3 Kh8 23. Rc4 Nb6 24. Nxb6 Qxb6 25. Rec1 a4 26. Qc2 b3 27. Qf2 Rd8 28. Rxc5 Qa6 29. Bf1 Qd6 30. Bg5 Bf6 31. Bd2 g5 32. Bb4 Qb6 33. Rc7 Qxf2+ 34. Kxf2 Re8 35. d6 Ng8 36. R1c6 fxe4 37. dxe4 Red8 38. Bh3 Bg7 39. d7 Nf6 40. Bf5 Ng8 41. Rc8 Bf6 42. Ke3 Ne7 43. Rxd8+ Rxd8 44. Rxf6 Nxf5+ 45. Rxf5 Rxd7 46. Rxe5 Kg8 47. Rxg5+ Kh8 48. Re5 1-0

[Event "Saarlouis op 7th"]
[Site "Saarlouis"]
[Date "2004.05.23"]
[Round "7"]
[White "Diwo, Michael"]
[Black "Michalowski, Richard"]
[Result "1-0"]
[WhiteElo "1585"]
[BlackElo "1625"]
[PlyCount "125"]
[EventDate "2004.05.19"]
[EventType "swiss"]
[EventRounds "7"]
[EventCountry "GER"]
[SourceTitle "EXT 2006"]
[Source "ChessBase"]
[SourceDate "2005.11.24"]
[SourceVersion "1"]
[SourceVersionDate "2005.11.24"]
[SourceQuality "1"]

1. Nf3 Nf6 2. c4 b6 3. g3 Bb7 4. Bg2 e6 5. b3 g6 6. Bb2 Bg7 7. 0-0 0-0 8. Nc3 c5 9. Qc2 d6 10. Rac1 Nc6 11. e3 Rc8 12. Qb1 e5 13. Rfd1 Re8 14. d4 cxd4 15. exd4 Qe7 16. Re1 Qd7 17. Rcd1 exd4 18. Rxe8+ Nxe8 19. Nb5 d3 20. Bxg7 Kxg7 21. Qxd3 Rd8 22. a3 a6 23. Nc3 f6 24. Nd4 Ne5 25. Qe2 Bxg2 26. Kxg2 Nc7 27. f4 Nc6 28. Qe4 Nxd4 29. Qxd4 Qc6+ 30. Nd5 Nxd5 31. Qxd5 Qxd5+ 32. Rxd5 Kf7 33. g4 Ke7 34. h4 h6 35. Kf3 Rc8 36. Ke4 Re8 37. Kf3 Kd7 38. Rd3 a5 39. Re3 Rc8 40. Ke4 Re8+ 41. Kd4 Rc8 42. b4 axb4 43. axb4 Ra8 44. f5 gxf5 45. gxf5 Ra1 46. Re6 Rd1+ 47. Kc3 Rh1 48. Rxf6 Rh3+ 49. Kd4 Rxh4+ 50. Kd5 b5 51. Rxd6+ Ke7 52. c5 h5 53. Rh6 Rxb4 54. Rxh5 Rf4 55. Ke5 Rc4 56. Rh7+ Kf8 57. Rc7 b4 58. c6 b3 59. Kd5 Rf4 60. Rb7 Rxf5+ 61. Ke6 Rf3 62. c7 Re3+ 63. Kd5 1-0

[Event "Bad Woerishofen Seniors op 19th"]
[Site "Bad Woerishofen"]
[Date "2003.03.19"]
[Round "7"]
[White "Kaiser, Hans"]
[Black "Michalowski, Richard"]
[Result "1/2-1/2"]
[WhiteElo "1620"]
[BlackElo "1580"]
[PlyCount "74"]
[EventDate "2003.03.13"]
[EventType "swiss"]
[EventRounds "9"]
[EventCountry "GER"]
[SourceTitle "EXT 2004"]
[Source "ChessBase"]
[SourceDate "2003.11.25"]
[SourceVersion "1"]
[SourceVersionDate "2003.11.25"]
[SourceQuality "1"]

1. d4 Nf6 2. Nc3 d5 3. Bg5 Bf5 4. Nf3 Nbd7 5. e3 h6 6. Bh4 c6 7. Bd3 Ne4 8. Bxe4 dxe4 9. Nd2 g5 10. Bg3 Nf6 11. h4 Bg7 12. Qe2 Qa5 13. Nb3 Qb6 14. Qc4 Be6 15. Qc5 Nd5 16. Nxe4 f5 17. Ned2 f4 18. exf4 gxf4 19. Bh2 0-0 20. c4 Nb4 21. Qxb6 axb6 22. 0-0 Nc2 23. Rac1 Nxd4 24. Rfe1 Nxb3 25. axb3 Bf5 26. Rxe7 Bxb2 27. Rce1 Bh7 28. Ne4 Rad8 29. Kf1 Rd3 30. f3 Rxb3 31. Rxb7 b5 32. cxb5 cxb5 33. Bg1 Ba3 34. Bd4 Bxe4 35. Rg7+ Kh8 36. Rf7+ Kg8 37. Rg7+ Kh8 1/2-1/2

[Event "Bad Woerishofen Seniors op 18th"]
[Site "Bad Woerishofen"]
[Date "2002.03.14"]
[Round "8"]
[White "Disselberger, Alfons"]
[Black "Michalowski, Richard"]
[Result "1-0"]
[WhiteElo "1391"]
[BlackElo "1521"]
[PlyCount "147"]
[EventDate "2002.03.??"]
[EventType "swiss"]
[EventRounds "9"]
[EventCountry "GER"]
[SourceTitle "EXT 2006"]
[Source "ChessBase"]
[SourceDate "2005.11.24"]
[SourceVersion "1"]
[SourceVersionDate "2005.11.24"]
[SourceQuality "1"]

1. e4 d5 2. exd5 Qxd5 3. Nc3 Qa5 4. d4 c6 5. Nf3 Nf6 6. Bd2 Bg4 7. Be2 Nbd7 8. 0-0 e6 9. a3 Qc7 10. Re1 Bd6 11. h3 Bh5 12. Ne5 Bxe2 13. Qxe2 0-0 14. Bf4 Nb6 15. Bg5 Nfd5 16. Nxd5 cxd5 17. Nf3 Rac8 18. c3 Nc4 19. b4 Rfe8 20. Bh4 f6 21. g4 e5 22. Kg2 Kf7 23. Qc2 e4 24. Ng1 Nb6 25. Ne2 Nc4 26. Qc1 e3 27. f3 Nd2 28. Qc2 g6 29. Rh1 Bf4 30. a4 Kg7 31. a5 g5 32. Be1 a6 33. h4 Kg8 34. h5 Qc4 35. Qd1 Re6 36. Bg3 Qc7 37. Bxf4 gxf4 38. Qc2 Re4 39. fxe4 dxe4 40. Kh3 f3 41. Ng3 Qc4 42. Rhe1 Qxc3 43. Qxc3 Rxc3 44. Rac1 Rxc1 45. Rxc1 e2 46. Re1 Kf7 47. Nxe2 f2 48. Rc1 f1Q+ 49. Rxf1 Nxf1 50. Nc3 Nd2 51. Kg3 e3 52. Kf4 Nc4 53. Kf3 Ke6 54. Ke4 b5 55. axb6 Nxb6 56. Kxe3 Nc4+ 57. Kf4 Nd6 58. d5+ Ke7 59. Ne4 Nb7 60. Kf5 a5 61. bxa5 Nxa5 62. d6+ Kf7 63. Nxf6 h6 64. d7 Nc6 65. Ne8 Ke7 66. Kg6 Ne5+ 67. Kxh6 Nxg4+ 68. Kg5 Ne5 69. Nf6 Nf7+ 70. Kg6 Kf8 71. h6 Nh8+ 72. Kf5 Ke7 73. h7 Nf7 74. Kg6 1-0

[Event "Bad Woerishofen Seniors op 18th"]
[Site "Bad Woerishofen"]
[Date "2002.03.07"]
[Round "1"]
[White "Michalowski, Richard"]
[Black "Reinke, Kurt"]
[Result "0-1"]
[WhiteElo "1521"]
[BlackElo "1887"]
[PlyCount "50"]
[EventDate "2002.03.??"]
[EventType "swiss"]
[EventRounds "9"]
[EventCountry "GER"]
[SourceTitle "EXT 2006"]
[Source "ChessBase"]
[SourceDate "2005.11.24"]
[SourceVersion "1"]
[SourceVersionDate "2005.11.24"]
[SourceQuality "1"]

1. c4 Nf6 2. Nc3 e6 3. d4 d5 4. Bg5 c6 5. e3 Nbd7 6. Nf3 Qa5 7. Rc1 Bb4 8. Bd3 dxc4 9. Bxc4 Ne4 10. h4 Nxc3 11. bxc3 Bxc3+ 12. Ke2 b5 13. Bb3 b4 14. Nd2 Ba6+ 15. Nc4 Nb6 16. Qd3 Bxc4 17. Bxc4 0-0 18. Rc2 Rfe8 19. e4 h6 20. Bxh6 Qh5+ 21. f3 Qxh6 22. Rh3 Rad8 23. Rxc3 bxc3 24. Qxc3 Nxc4 25. Qxc4 Rb8 0-1